ATHARVA-VEDA SAMHITA (Record no. 7933)

MARC details
000 -LEADER
fixed length control field 00292nam a2200121Ia 4500
082 ## - DEWEY DECIMAL CLASSIFICATION NUMBER
Classification number 615.53
Item number A 95 S
100 ## - MAIN ENTRY--PERSONAL NAME
Personal name SARASVATI SATYA PRAKASH
245 ## - TITLE STATEMENT
Title ATHARVA-VEDA SAMHITA
260 ## - PUBLICATION, DISTRIBUTION, ETC. (IMPRINT)
Name of publisher, distributor, etc VED PRAKASH
Year of Publication 1996
300 ## - PAGE DESCRIPTION
No. of Pages 403
942 ## - ADDED ENTRY ELEMENTS (KOHA)
Source of classification or shelving scheme Dewey Decimal Classification
Koha item type Books
Holdings
Withdrawn status Lost status Source of classification or shelving scheme Damaged status Use restrictions Not for loan Collection code Home library Current library Date acquired Vendor Name Cost, normal purchase price Volume Information (Serial or Books or Non-Book Material) SGTU Bill Number Full call number Accession No. (Barcode) Date last seen Bill Date Koha item type Total Checkouts Date last borrowed
    Dewey Decimal Classification   Restricted Access   AYURVEDA SGT FA-FP Library SGT FA-FP Library 14/09/2015 CHAUKHAMBHA PUB. NEW DELHI 60.00 1 SGTU CP/B/788 615.53 A 95 S FA2064 17/07/2025 28/01/2015 Rare Books    
    Dewey Decimal Classification   Restricted Access   AYURVEDA SGT FA-FP Library SGT FA-FP Library 14/09/2015 CHAUKHAMBHA PUB. NEW DELHI 60.00 2 SGTU CP/B/788 615.53 A 95 S FA2065 17/07/2025 28/01/2015 Rare Books 1 17/07/2025
    Dewey Decimal Classification   Restricted Access   AYURVEDA SGT FA-FP Library SGT FA-FP Library 14/09/2015 CHAUKHAMBHA PUB. NEW DELHI 60.00 4 SGTU CP/B/788 615.53 A 95 S FA2066 14/09/2015 28/01/2015 Rare Books